| 000 | 00505nam a2200157 4500 | ||
|---|---|---|---|
| 001 | 112138 | ||
| 003 | ES-MaACL | ||
| 005 | 20230906185443.0 | ||
| 007 | t| | ||
| 008 | 061121s1968 sp r ||||1| spa d | ||
| 100 | 1 |
_aNicolau Bauza, J. _985584 |
|
| 245 | 1 | 3 |
_aUn hombre que creyó en el amor _b: el P. Joaquín Roselló y Ferrá / _cJ. Nicolau Bauza. |
| 260 |
_aPalma de Mallorca : _b[s. n.], _c1968 ( _fImp. Politécnica) |
||
| 300 |
_a391 p., 12 lám. ; _c22 cm. |
||
| 852 |
_aES-MaACL _jC-48517 _bR.69790 |
||
| 999 |
_c112138 _d112138 |
||